<?xml version='1.0' encoding='UTF-8'?>
  <record xmlns="http://www.loc.gov/MARC21/slim">
    <leader>00000cam a22000007i 4500</leader>
    <controlfield tag="001">ocm65225641</controlfield>
    <controlfield tag="003">OCoLC</controlfield>
    <controlfield tag="005">20250730152206.2</controlfield>
    <controlfield tag="008">900321s1937    ne       m    000 0 dut d</controlfield>
    <datafield tag="040" ind1=" " ind2=" ">
      <subfield code="a">NLGGC</subfield>
      <subfield code="b">dut</subfield>
      <subfield code="e">fobidrtb</subfield>
      <subfield code="c">NLGGC</subfield>
      <subfield code="d">WURST</subfield>
      <subfield code="d">OCLCL</subfield>
      <subfield code="d">OCLCQ</subfield>
    </datafield>
    <datafield tag="029" ind1="0" ind2=" ">
      <subfield code="a">NLGGC</subfield>
      <subfield code="b">059734248</subfield>
    </datafield>
    <datafield tag="035" ind1=" " ind2=" ">
      <subfield code="a">(OCoLC)65225641</subfield>
    </datafield>
    <datafield tag="041" ind1="0" ind2=" ">
      <subfield code="a">dut</subfield>
      <subfield code="b">ger</subfield>
      <subfield code="b">eng</subfield>
    </datafield>
    <datafield tag="100" ind1="1" ind2=" ">
      <subfield code="a">Kaiser, Franz Jozef.</subfield>
    </datafield>
    <datafield tag="245" ind1="1" ind2="3">
      <subfield code="a">De kininespiegel in het bloed /</subfield>
      <subfield code="c">door Franz Jozef Kaiser.</subfield>
    </datafield>
    <datafield tag="260" ind1=" " ind2=" ">
      <subfield code="a">Maastricht :</subfield>
      <subfield code="b">[s.n.],</subfield>
      <subfield code="c">1937.</subfield>
    </datafield>
    <datafield tag="300" ind1=" " ind2=" ">
      <subfield code="a">X, 103 p. ;</subfield>
      <subfield code="c">25 cm.</subfield>
    </datafield>
    <datafield tag="336" ind1=" " ind2=" ">
      <subfield code="a">tekst</subfield>
      <subfield code="b">txt</subfield>
      <subfield code="2">rdacontent/dut</subfield>
    </datafield>
    <datafield tag="337" ind1=" " ind2=" ">
      <subfield code="a">zonder medium</subfield>
      <subfield code="b">n</subfield>
      <subfield code="2">rdamedia/dut</subfield>
    </datafield>
    <datafield tag="338" ind1=" " ind2=" ">
      <subfield code="a">band</subfield>
      <subfield code="b">nc</subfield>
      <subfield code="2">rdacarrier/dut</subfield>
    </datafield>
    <datafield tag="502" ind1=" " ind2=" ">
      <subfield code="a">Proefschrift Utrecht.</subfield>
    </datafield>
    <datafield tag="504" ind1=" " ind2=" ">
      <subfield code="a">Met samenvattingen in het Nederlands, Duits en Engels.</subfield>
    </datafield>
    <datafield tag="530" ind1=" " ind2=" ">
      <subfield code="a">Titel is gedigitaliseerd voor de Universiteit van Amsterdam in het kader van Metamorfoze.</subfield>
    </datafield>
    <datafield tag="653" ind1="0" ind2="0">
      <subfield code="a">bloed</subfield>
    </datafield>
    <datafield tag="653" ind1="0" ind2="0">
      <subfield code="a">blood</subfield>
    </datafield>
    <datafield tag="653" ind1="0" ind2="0">
      <subfield code="a">bloedsamenstelling</subfield>
    </datafield>
    <datafield tag="653" ind1="0" ind2="0">
      <subfield code="a">blood composition</subfield>
    </datafield>
    <datafield tag="653" ind1="0" ind2="0">
      <subfield code="a">geneesmiddeleffecten</subfield>
    </datafield>
    <datafield tag="653" ind1="0" ind2="0">
      <subfield code="a">drug effects</subfield>
    </datafield>
    <datafield tag="653" ind1="0" ind2="0">
      <subfield code="a">geneesmiddelen</subfield>
    </datafield>
    <datafield tag="653" ind1="0" ind2="0">
      <subfield code="a">drugs</subfield>
    </datafield>
    <datafield tag="653" ind1="0" ind2="0">
      <subfield code="a">malaria</subfield>
    </datafield>
    <datafield tag="653" ind1="1" ind2="0">
      <subfield code="a">Human Physiology and Anatomy</subfield>
    </datafield>
    <datafield tag="653" ind1="2" ind2="0">
      <subfield code="a">Haematology and Body Fluids</subfield>
    </datafield>
    <datafield tag="653" ind1="1" ind2="0">
      <subfield code="a">Humane fysiologie en anatomie</subfield>
    </datafield>
    <datafield tag="653" ind1="2" ind2="0">
      <subfield code="a">Hematologie en lichaamsvloeistoffen</subfield>
    </datafield>
    <datafield tag="655" ind1=" " ind2="4">
      <subfield code="a">PhD thesis</subfield>
    </datafield>
    <datafield tag="758" ind1=" " ind2=" ">
      <subfield code="a">De kininespiegel in het bloed (Text)</subfield>
      <subfield code="1">https://id.oclc.org/worldcat/entity/E39PCG4FBm6BR38kVVxD99htjC</subfield>
      <subfield code="4">https://id.oclc.org/worldcat/ontology/hasWork</subfield>
    </datafield>
    <datafield tag="776" ind1="0" ind2=" ">
      <subfield code="t">De kininespiegel in het bloed</subfield>
      <subfield code="w">(NL-LeOCL)39530069X</subfield>
    </datafield>
    <datafield tag="936" ind1=" " ind2=" ">
      <subfield code="a">BATCHLOAD</subfield>
    </datafield>
  </record>